000 02570nam a2200349Ia 4500
005 20140903175129.0
008 130821s1925 fr fr 1 fre d
040 _aCo-BoUCM
_bspa
_cSandra Yazo
_dSandra Yazo
041 0 _afre
082 0 4 _a346.0744
_220
092 _aE31N053
100 1 _aThaller, E.
_d1851-1918
_q(Edmond),
_962802
242 0 0 _yspa
245 1 0 _aTraite elementaire de droit commercial a l'exclusion du droit maritime
_cE. Thaller.
250 _aSeptième édition [Séptima edición]
_bRevue et mise à jour par J. Perceruo [revisada y actualizada por J. Percerou]
260 0 4 _aParís (Francia)
_bRouseau et Cie [Roseau y compañía]
_c1925
300 _avii, 1355 páginas
_c22 x 13 cm.
500 _aDetalles físicos: Encuadernación rígida (holandesa) en cartón duro forrado en papel. Lomo en cuero con nervaduras sobre costuras y adornos en dorado. Tapas con bordes raspados. Guardas en papel impreso. Hoja de cortesía. Anteportada. Portada impresa en una sola tinta, con diferentes tipos de letra y un motivo decorativo. Texto impreso en una sola columna, notas al pie de página.
505 1 _aIntroducción: Definición de comercio, mercancía, dinero y crédito ; Breve historia de la legislación en materia de comercio ; El comerciante individual ; Condiciones ; Capacidad requerida ; El Estado y el Comercio ; Los libros de comercio -- Asociación y Sociedad ; Personalidad de las compañías comerciales ; Sociedades con ánimo de lucro ; Competencia de los jueces en estas sociedades ; Las compañías de participación ; Las sociedades por acciones: en comandita por acciones y sociedades anónimas -- Las bolsas de comercio; las bolsas de valores ; Datos históricos ; Su función económica ; Operaciones de Bolsa ; Sobre el agente de bolsa y su responsabilidad -- Contratos sobre mercancías: venta, garantía, corretaje, comisión, transporte -- Los contratos cuyo objeto es el dinero, los préstamos o los riegos ; Los títulos comerciales ; La aceptación ; La letra de cambio ; El cheque ; El endoso.
506 _aConsulta en sala.
546 _aTexto en francés.
650 7 _aComerciantes
_911189
650 7 _aContratos comerciales
_911829
650 7 _aDerecho comercial
_zFrancia
_941661
650 7 _aLiquidación de sociedades
_918582
650 7 _aSociedades comerciales
_zFrancia
_924740
650 0 4 _aDocumentos negociables
_913518
650 0 4 _aQuiebra
_922978
690 _942767
_aDerecho comercial
700 1 _aPerceu, J.
_962803
942 _cLIBRO
_a8
_e5
_2DEWEY
_h346.0744
999 _c273868
_d273868